000 00893nam0a22002651 4500
001 rc\2796568
005 20250529173009.0
035 _a(NLR Aleph) 006922614
090 _a7463039
_c7463039
100 _a20110915d1936 |||y0rusy50 ca
101 0 _arus
102 _aRU
105 _aa z |||||
200 1 _aСтроительство пожарных депо в колхозах
_fЕ. Грекк, М. Красильников
_gПод ред. А. В. Орловского
210 _aИваново
_cГос. изд-во Иванов. обл.
_d1936
_gтип. УНКВД
215 _aПапка, 48 с.
_cил.
_d26x18 см.
700 1 _aГрекк
_bЕ.
701 1 _aКрасильников
_bМ.
702 1 _aОрловский
_bА.В.
_4340
801 0 _aRU
_bNLR
_gpsbo
801 1 _aRU
_bELAR
_2rusmarc
852 _aNLR
_j36-12/500
942 _cBOOK
980 _aNB